000 00579nam a2200217 a 4500
999 _c4386
_d4386
001 4386
003 BD-JhCC
005 20171127104932.0
008 171126s bg ||||| |||| 00| 0 ben d
035 _a(BD-JhCC)4386
040 _aBD-JhCC
_dBD-JhCC
041 _aben
082 _a891.4415
_bISL
100 _aইসলাম, কাজী নজরুল
245 _aবিষের বাঁশী /
_cকাজী নজরুল ইসলাম
260 _a891.4415
300 _a76 p. :
_c20 cm.
650 _aBengali poetry
942 _2ddc
_cBK